ბათუმის შოთა რუსთაველის სახელმწიფო უნივერსიტეტის ბიბლიოთეკა

Система и филогения цветковых растений=Systema et Phylogenia magholiophytorum (ბიბ.ჩანაწერი № 45862)

000 -LEADER
fixed length control field 00667nam a2200217Ia 4500
001 - CONTROL NUMBER
control field 12691
003 - CONTROL NUMBER IDENTIFIER
control field GE_BSU
008 - FIXED-LENGTH DATA ELEMENTS--GENERAL INFORMATION
fixed length control field 181216s||||||||xx |||||||||||||| ||und||
040 ## - CATALOGING SOURCE
Transcribing agency GE_BSU
080 ## - UNIVERSAL DECIMAL CLASSIFICATION NUMBER
Universal Decimal Classification number 582.5
100 ## - MAIN ENTRY--PERSONAL NAME
Personal name Тахтаджян,А.Л.
245 ## - TITLE STATEMENT
Title Система и филогения цветковых растений=Systema et Phylogenia magholiophytorum
245 ## - TITLE STATEMENT
Statement of responsibility, etc. Худ.Д.С.Данилов
260 ## - PUBLICATION, DISTRIBUTION, ETC.
Place of publication, distribution, etc. Москва
260 ## - PUBLICATION, DISTRIBUTION, ETC.
Name of publisher, distributor, etc. Наука
260 ## - PUBLICATION, DISTRIBUTION, ETC.
Date of publication, distribution, etc. 1966
300 ## - PHYSICAL DESCRIPTION
Extent 610стр.22см.
300 ## - PHYSICAL DESCRIPTION
Dimensions Библиогр.с.535-603
653 ## - INDEX TERM--UNCONTROLLED
Uncontrolled term Система и филогения цветковых растений
942 ## - ADDED ENTRY ELEMENTS (KOHA)
Koha item type წიგნი
ეგზემპლარები
Withdrawn status Lost status Damaged status Not for loan Date acquired Barcode Date last seen Price effective from Koha item type
        2018-12-17 20475 2018-12-17 2018-12-17 წიგნი